Music Quiz

Random Music or Bands Quiz

New Kids on the Block Members Quiz Stats

 Plays Quiz Updated Dec 15, 2014

Challenge
Share
Tweet
Embed
Score 0/5 Timer 01:00
0 Plays Today
% Correct
Donnie Wahlberg
93.3%
Jordan Knight
86%
Joey McIntyre
82.6%
Jonathan Knight
78.6%
Danny Wood
75.3%

You're not logged in!

Compare scores with friends on all Sporcle quizzes.
Join for Free
OR
Log In

You Might Also Like...

Show Comments

Extras

Top Quizzes Today


Score Distribution

Your Account Isn't Verified!

In order to create a playlist on Sporcle, you need to verify the email address you used during registration. Go to your Sporcle Settings to finish the process.

Report this User

Report this user for behavior that violates our Community Guidelines.

Details: